Mathequiz: Terme - Statistiken

Allgemein
  • Dieses Quiz wurde 211 mal gespielt
  • Das Durchschnittsergebnis liegt bei 15 aus 15
Antwortstatistiken
Hint Antwort % Korrekt
56:28 2
100%
3•7+4 25
100%
30:6•5 25
100%
(43+57):4 25
100%
(9-6+3)•2 12
99%
25•3:5 15
99%
99:3 33
99%
7•8 56
99%
25+20+15 60
99%
44-35 9
99%
5-5•9 -40
98%
2•4•6 48
98%
(10-6)•16 64
98%
(2+3)•10•2 100
97%
(2•4-2)•16 96
97%
Keine übereinstimmenden Quizze gefunden
Verteilung der Resultate
Anzahl Personen mit jedem Resultat
Perzentil nach korrekt beantworteten Fragen
Ihre Resultats-Entwicklung
Sie haben dieses Quiz noch nicht gespielt